000 00766nam a22002057a 4500
003 BUBTL
008 230313b ||||| |||| 00| 0 eng d
020 _a9844650720
082 _a891.443/ H9959n/ 1995
100 _95204
_aহাই, হাসনাত আবদুল
245 _aনভেরা /
_cহাসনাত আবদুল হাই
250 _a1st Edn.
260 _aঢাকা:
_bসাহিত্য প্রকাশ,
_cc1995
300 _a200 p.:
_bills.;
_c22 cm.
505 _aনভেরা, হাসনাত আবদুল হাই, বাংলা সাহিত্য
650 0 _91687
_aবাংলা সাহিত্য
856 _k0
_l0
_yDownload
942 _2ddc
_cBK
999 _c6967
_d6967